000 00817cam a2200241 a 4500
020 _a0906156688 :
040 _cDLC
041 1 _hpor
082 0 0 _a333 LAT 1992 A089 Or.
_aB
100 1 _aMendes, Chico,
245 1 0 _aFight for the forest :
_bChico Mendes in his own words /
250 _a2nd ed., Updated and enl.
260 _aLondon :
_bLatin America Bureau ;
_aNew York, NY :
_bDistribution in USA by Monthly Review Press,
_c1992.
300 _ax, 118 p. :
_bill., maps ;
_c21 cm.
650 0 _aConservationists
650 0 _aRubber tappers
650 0 _aRain forest conservation
650 0 _aDeforestation
700 1 _aGross, Tony.
856 4 1 _uhttp://www.loc.gov/catdir/enhancements/fy1505/93107748-t.html
856 4 2 _uhttp://www.loc.gov/catdir/enhancements/fy1505/93107748-d.html
942 _cEK
999 _c16146
_d16146